[Event "Mogi Guacu op"]
[Site "Mogi Guacu"]
[Date "2022.05.01"]
[Round "6"]
[White "Feyerabend Rilho, Icaro"]
[Black "Dos Santos, Leandro Moises"]
[Result "1-0"]
[WhiteElo "1826"]
[BlackElo "1902"]
[PlyCount "36"]
[EventDate "2022.04.29"]
[EventType "swiss"]
[EventRounds "6"]
[EventCountry "BRA"]
[SourceTitle "CBM 208 Extra"]
[Source "ChessBase"]
[SourceDate "2022.07.31"]
[SourceVersion "1"]
[SourceVersionDate "2022.07.31"]
[SourceQuality "1"]

1. d4 Nf6 2. c4 g6 3. Nc3 Bg7 4. Nf3 d6 5. e4 Nbd7 6. Bg5 e5 7. d5 0-0 8. Bd3 a6 9. Qd2 Nc5 10. Bc2 Qd7 11. h3 b5 12. b4 Nb7 13. c5 Qe8 14. c6 Nd8 15. 0-0 Nxc6 16. dxc6 Qxc6 17. Bxf6 Bxf6 18. Nd5 Bg7 1-0

[Event "Mogi Guacu op"]
[Site "Mogi Guacu"]
[Date "2022.05.01"]
[Round "5"]
[White "Ramos, Eduardo Pereira"]
[Black "Feyerabend Rilho, Icaro"]
[Result "1-0"]
[WhiteElo "1935"]
[BlackElo "1826"]
[PlyCount "79"]
[EventDate "2022.04.29"]
[EventType "swiss"]
[EventRounds "6"]
[EventCountry "BRA"]
[SourceTitle "CBM 208 Extra"]
[Source "ChessBase"]
[SourceDate "2022.07.31"]
[SourceVersion "1"]
[SourceVersionDate "2022.07.31"]
[SourceQuality "1"]

1. d4 d5 2. Bf4 Nc6 3. e3 Nf6 4. c3 a5 5. a4 Bf5 6. Nd2 e6 7. h3 Bd6 8. Bxd6 Qxd6 9. Ngf3 0-0 10. Be2 e5 11. dxe5 Nxe5 12. Nxe5 Qxe5 13. Nf3 Qd6 14. 0-0 c6 15. Nd4 Be4 16. Bf3 Bxf3 17. Qxf3 Ne4 18. Rfd1 Qf6 19. Qxf6 Nxf6 20. b4 axb4 21. cxb4 Ra7 22. Ra2 Rfa8 23. Rda1 Ne4 24. Ra3 g6 25. a5 Kf8 26. R1a2 Ke7 27. f3 Nd6 28. Rc3 Nc4 29. e4 Kd7 30. exd5 cxd5 31. Re2 Re8 32. Rxe8 Kxe8 33. Nb5 Ra6 34. Nc7+ Kd7 35. Nxa6 bxa6 36. Kf1 Kc6 37. Ke2 Kb5 38. Rb3 Ka4 39. Rb1 Na3 40. Rd1 1-0

[Event "Mogi Guacu op"]
[Site "Mogi Guacu"]
[Date "2022.04.29"]
[Round "1"]
[White "Feyerabend Rilho, Icaro"]
[Black "De Freitas, Rames Fialho"]
[Result "0-1"]
[WhiteElo "1826"]
[BlackElo "1919"]
[PlyCount "68"]
[EventDate "2022.04.29"]
[EventType "swiss"]
[EventRounds "6"]
[EventCountry "BRA"]
[SourceTitle "CBM 208 Extra"]
[Source "ChessBase"]
[SourceDate "2022.07.31"]
[SourceVersion "1"]
[SourceVersionDate "2022.07.31"]
[SourceQuality "1"]

1. d4 Nf6 2. c4 e6 3. Nf3 d5 4. g3 Be7 5. Bg2 0-0 6. 0-0 b6 7. cxd5 exd5 8. Bg5 Bb7 9. Nc3 Nbd7 10. Re1 Re8 11. Qc2 Rc8 12. Qa4 a6 13. Rac1 c5 14. e3 b5 15. Qd1 b4 16. Na4 c4 17. b3 c3 18. Ne5 Nxe5 19. dxe5 Ne4 20. Bxe7 Rxe7 21. Bxe4 dxe4 22. Qxd8+ Rxd8 23. Nc5 Bc8 24. Nxe4 Rxe5 25. f3 f5 26. Nf2 Rd2 27. Rcd1 Red5 28. Rxd2 Rxd2 29. Kf1 a5 30. Rd1 Ba6+ 31. Ke1 Re2+ 32. Kf1 Rxe3+ 33. Kg2 Be2 34. Rd8+ Kf7 0-1